Tiere erraten #1 - Statistiken

Allgemein
  • Dieses Quiz wurde 1.277 mal gespielt
  • Das Durchschnittsergebnis liegt bei 4 aus 12
Antwortstatistiken
Bildquiz Antwort % Korrekt
Schneeeule
86%
Beluga
66%
Gecko
63%
Tasmanischer Teufel
51%
Tarantel
46%
Schnappschildkröte
40%
Honigdachs
26%
Quokka
21%
Dugong
13%
Karibu
13%
Gavial
12%
Zackenbarsch
6%
Keine übereinstimmenden Quizze gefunden
Verteilung der Resultate
Anzahl Personen mit jedem Resultat
Perzentil nach korrekt beantworteten Fragen
Ihre Resultats-Entwicklung
Sie haben dieses Quiz noch nicht gespielt